000 00529nam a22001815i 4500
001 171488
003 ES-MaACL
005 20250809062542.0
008 090519s1963 sp |||| | spa d
080 _a34
100 1 _aSolán Cristina, Antonio.
_9140207
245 1 0 _aElementos de derecho público y privado /
_cpor Antonio Solá Cristina.
260 _aBarcelona :
_bNauta,
_c[1963]
300 _a197 p. ;
_c22 cm.
650 0 7 _aDerecho
_2embne
_911602
852 _aES-MaACL
_jC-23393
_9R.51933
999 _c171488
_d171488